00397 2200157 4500001002100000005001500021035002000036245005000056100001600106300002700122260003400149082000800183084001400191020002200205990001200227INLIS00000000000169120250430083154 a0010-04250001071 aEnsiklomini Olahraga Bela Diri /cAlan Yordan0 aAlan Yordan a68 hlm ;c18,5 x 25 cm aJakarta :bCV. Sahabat,c2008 a700 a700 ALA e a978-979-029-094-2 a0754652